| 000 | 00669nam a22002172 4500 | ||
|---|---|---|---|
| 001 | 0000006043 | ||
| 005 | 20151217152011.0 | ||
| 008 | 070912s xx 000 0 eng d | ||
| 020 | _a0425168727 : | ||
| 040 |
_aKABU _cKABU |
||
| 100 | 1 |
_aJakes, T. D. _@0000141479 |
|
| 245 | 1 | 4 | _aThe Lady, her lover and her Lord. |
| 260 |
_aNew York : _bBerkley, _c1998. |
||
| 300 | _ax, 239 p. | ||
| 650 | 0 |
_aChristian women _xReligious life. _@0000005344 |
|
| 650 | 0 |
_aChristian women _xConduct of life. _@0000157409 |
|
| 650 | 0 |
_aMarriage _xReligious aspects _xChristianity. _@0000152907 |
|
| 908 | _a070912 | ||
| 950 | _@1 | ||
| 999 |
_c7175 _d7175 |
||